ميراث رسول الله صلى عليه وسلم
| Main Author: | |
|---|---|
| Format: | Book |
| Published: |
Qahirah
Dar al-Turath al-`Arabi
[19--]
|
| Subjects: |
MARC
| LEADER | 00000cam a2200000 7i4500 | ||
|---|---|---|---|
| 001 | 0000000369 | ||
| 008 | 021118n | ||
| 090 | 0 | 0 | |a BP42 |b .M57 1982 |
| 100 | 0 | |a عفيفي, طه عبد الله |e author | |
| 245 | 1 | 0 | |a ميراث رسول الله صلى عليه وسلم |c شرح وتعليق طه عبدالله العفيفى |
| 260 | 2 | |a Qahirah |b Dar al-Turath al-`Arabi |c [19--] | |
| 300 | |a 115 p. |c 24 cm | ||
| 650 | 0 | |a Hadith | |
| 745 | 0 | 0 | |a Mirath Rasul Allah |
| 999 | |a 1000015562 |b Book |c OPEN SHELF (30 DAYS) |e Gong Badak Campus | ||
| 999 | |a 1000015563 |b Book |c OPEN SHELF (30 DAYS) |e Gong Badak Campus | ||